000
00213nam a22000857a 4500
008
170228b xxu||||| |||| 00| 0 eng d
100
_9
2948
_a
Kumar.A.
245
_a
Political Science-VIII
260
_a
New Delhi
_b
APC
_c
2009
999
_c
6192
_d
6192